El cardenal Granvela, 1517-1586 : imperio y revolución bajo Carlos V y Felipe II /
保存先:
| 第一著者: | |
|---|---|
| フォーマット: | 図書 |
| 言語: | スペイン語 |
| 出版事項: |
Barcelona, España :
Teide,
1957, c1957
|
| シリーズ: | (El Hombre y su Tiempo ;
2) |
| 主題: | |
| タグ: |
タグなし, このレコードへの初めてのタグを付けませんか!
|
MARC
| LEADER | 00000nam^a2200000^a^4500 | ||
|---|---|---|---|
| 001 | 000119800 | ||
| 005 | 20250521000000.0 | ||
| 009 | 20260310094330.314 | ||
| 037 | |a Acervo ITESO - Biblioteca | ||
| 041 | |a ESP | ||
| 082 | |a 946. 04 |b DUR | ||
| 100 | |a Durme, Maurice van |e (autor) | ||
| 245 | 1 | 3 | |a El cardenal Granvela, 1517-1586 : |b imperio y revolución bajo Carlos V y Felipe II / |c M. van Durme ; pról. de Juan Reglá Campistol. |
| 264 | 4 | |a Barcelona, España : |b Teide, |c 1957, c1957 | |
| 300 | |a XV, 437 p. | ||
| 336 | |a texto |b txt |2 rdacontenido | ||
| 337 | |a sin mediación |b n |2 rdamedio | ||
| 338 | |a volumen |b nc |2 rdasoporte | ||
| 440 | 3 | |a (El Hombre y su Tiempo ; |v 2) | |
| 649 | |a XX | ||
| 650 | |a Religiosos Franceses - |x Biografías | ||
| 650 | |a Políticos Franceses - |x Biografías | ||
| 650 | |a Reyes Españoles | ||
| 650 | |a Iglesia y Estado - |z España - |x Historia - |y Siglo XVI | ||
| 650 | |a Política y Religión - |z España - |x Historia - |y Siglo XVI | ||
| 650 | |a Iglesia Católica en España - |x Historia - |y Siglo XVI | ||
| 650 | |a Catolicismo - |z España - |x Historia - |y Siglo XVI | ||
| 650 | |a Cristianismo - |z España - |x Historia - |y Siglo XVI | ||
| 650 | |a Religión - |z España - |x Historia - |y Siglo XVI | ||
| 650 | |a Política - |z España - |x Historia - |y Siglo XVI | ||
| 650 | |a España - |x Historia - |y Siglo XVI | ||
| 650 | |a España - |x Historia - |y Casa de Austria, 1516-1700 | ||
| 650 | |a Europa - |x Historia - |y Siglo XVI | ||
| 650 | |a Carlos I, Rey de España | ||
| 650 | |a Carlos V, Emperador de Alemania | ||
| 650 | |a Felipe II, Rey de España | ||
| 650 | |a Granvela, |c Cardenal | ||
| 910 | |a Fondo Salvador Reynoso Reynoso | ||
| 920 | |a Impresos - Libros | ||
| 930 | |a Fondos Especiales | ||
| 905 | |a 112 | ||
| 901 | |a 0800005283 |b IT2 |c ESP |u 20250521 | ||
| 902 | |a https://opac.biblio.iteso.mx/vufind/Record/000119800 | ||